Disaster recovery planning : (Record no. 18856)

MARC details
000 -LEADER
fixed length control field 01508pam a2200301 a 4500
005 - DATE AND TIME OF LATEST TRANSACTION
control field 20230706110615.0
008 - FIXED-LENGTH DATA ELEMENTS--GENERAL INFORMATION
fixed length control field 951204s1996 nyua b 001 0 eng
010 ## - LIBRARY OF CONGRESS CONTROL NUMBER
LC control number 95049627
020 ## - INTERNATIONAL STANDARD BOOK NUMBER
ISBN 0471121754 (pbk : alk. paper)
040 ## - CATALOGING SOURCE
Original cataloging agency DLC
Transcribing agency DLC
Modifying agency DLC
Description conventions DLC
Modifying agency DLC
050 00 - LIBRARY OF CONGRESS CALL NUMBER
Item number T65 1996
082 00 - DEWEY DECIMAL CLASSIFICATION NUMBER
Classification number 658.478
Edition number 20
Item number TOI-D
100 1# - MAIN ENTRY--AUTHOR
Author Name Toigo, Jon William,
Dates associated with a name 1959-
245 10 - TITLE STATEMENT
Title Disaster recovery planning :
Remainder of title for computers and communication resources /
Statement of responsibility, etc. Jon William Toigo.
260 ## - PUBLICATION, DISTRIBUTION, ETC.
Place of Publication New York :
Name of publisher, distributor, etc. John Wiley,
Date of publication, distribution, etc. c1996.
300 ## - PHYSICAL DESCRIPTION
Pages xxii, 329 p. :
504 ## - BIBLIOGRAPHY, ETC. NOTE
Bibliography, etc. note Includes bibliographical references and index.
538 ## - SYSTEM DETAILS NOTE
System details note System requirements for accompanying computer disk: An IBM PC family computer or compatible computer with 256K minimum memory, a 3.5" high-density floppy drive; PC DOS; MS DOS; or DR DOS Version 2.0 or later, and a printer.
650 #0 - SUBJECT ADDED ENTRY--TOPICAL TERM
Subject / Department Data recovery (Computer science)
650 #0 - SUBJECT ADDED ENTRY--TOPICAL TERM
Subject / Department Computer security.
650 #0 - SUBJECT ADDED ENTRY--TOPICAL TERM
Subject / Department Telecommunication systems
General subdivision Security measures.
300 ## - PHYSICAL DESCRIPTION
-- ill. ;
-- 24 cm. +
856 42 -
-- Contributor biographical information
-- http://www.loc.gov/catdir/bios/wiley043/95049627.html
856 42 -
-- Publisher description
-- http://www.loc.gov/catdir/description/wiley035/95049627.html
856 4# -
-- Table of Contents
-- http://www.loc.gov/catdir/toc/onix06/95049627.html
906 ## - LOCAL DATA ELEMENT F, LDF (RLIN)
a 7
b cbc
c orignew
d 1
e ocip
f 19
g y-gencatlg
952 ## - LOCATION AND ITEM INFORMATION (KOHA)
-- 0
-- 0
Holdings
Lost status Damaged status Permanent Location Current Location Shelving Location Date acquired Full Call Number Accession No./Barcode Date last seen item type
    Superior Information Resource Center (SIRC) Superior University- Gold Campus Superior Information Resource Center (SIRC) Superior University- Gold Campus Security 07/06/2023 658.478 TOI-D 1996 19413 07/06/2023 BOOK

Powered by Koha